000 01766cam a22002534a 4500
005 20250605164150.0
008 250528s ||||||||||||||||||||||||d
035 _a19326
020 _a9603514179
040 _aGR-AtMCL
_bgre
_dGR-AtMCL
_eAACR2
245 1 _aΠαραγωγικότητα και Αμοιβή Εργασίας / Η Πρακτική στην Ελλάδα και η Διεθνής Εμπειρία
250 _a
260 _bΣταμούλης Α,
_c2002
300 _a280
505 0 _aΕισαγωγή, Η Παραγωγικότητα και η Αμοιβή Εργασίας, Σύνδεση Παραγωγικότητας και Αμοιβή Εργασίας, Η Διεθνής Εμπερία και η Πρακτική στην Ελλάδα, Εξελίξεις και Προοπτικές της Ελληνικής Αγοράς Εργασίας και Διεθνές Περιβάλλον, Περίληψη και Συμπεράσματα, Παράρτημα.
520 _aΕισαγωγή, Η Παραγωγικότητα και η Αμοιβή Εργασίας, Σύνδεση Παραγωγικότητας και Αμοιβή Εργασίας, Η Διεθνής Εμπερία και η Πρακτική στην Ελλάδα, Εξελίξεις και Προοπτικές της Ελληνικής Αγοράς Εργασίας και Διεθνές Περιβάλλον, Περίληψη και Συμπεράσματα, Παράρτημα.
700 1 _aΒαφειάδης Γεώργιος
_95569
700 1 _aΜπαλούρδος Διονύσης
_95501
700 1 _aΠαπαηλίας Θεόδωρος
_95570
700 1 _aΣαπουνάς Γεώργιος
_95571
942 _cBK
999 _c4586
_d4586